Handbook of Cost Management /

I tiakina i:
Ngā taipitopito rārangi puna kōrero
Kaituhi matua: Weil, Roman L. (ed.)
Ētahi atu kaituhi: Maher, Michael W. (edición) (edición)
Hōputu: Pukapuka
Reo:Ingarihi
I whakaputaina: Hoboken, EUA : Wiley, 2005, c2005
Putanga:2a edición
Ngā marau:
Ngā Tūtohu: Tāpirihia he Tūtohu
Kāore He Tūtohu, Me noho koe te mea tuatahi ki te tūtohu i tēnei pūkete!

MARC

LEADER 00000nam^a2200000^a^4500
001 000182392
005 20250521000000.0
009 20260310102004.132
020 |a 0-471-67814-7 
037 |a Acervo ITESO - Biblioteca 
041 |a ING 
082 |a 657. 42  |b WEI 
100 |a Weil, Roman L.  |e (ed.) 
245 1 0 |a Handbook of Cost Management /  |c Ed. de R.L. Weil, M.W. Maher. 
250 |a 2a edición 
264 4 |a Hoboken, EUA :  |b Wiley,  |c 2005, c2005 
300 |a XVI, 848 p. 
336 |a texto  |b txt  |2 rdacontenido 
337 |a sin mediación  |b n  |2 rdamedio 
338 |a volumen  |b nc  |2 rdasoporte 
649 |a XX 
650 |a Contabilidad de Costos -  |x Manuales 
650 |a Contabilidad 
650 |a Administración 
650 |a Ciencias Administrativas 
700 |a Maher, Michael W.  |e (edición) 
910 |a Fondo General 
920 |a Impresos - Libros 
930 |a Colección General 
905 |a 101 
901 |a 0500122365  |b IT1  |c ACC  |u 20250521 
902 |a https://opac.biblio.iteso.mx/vufind/Record/000182392